KOHA-Header-6

Purchasing Principles And Management (Record no. 6258)

000 -LEADER
fixed length control field 00266nam a2200109Ia 4500
100 ## - MAIN ENTRY--AUTHOR NAME
Personal name Baily, Farmer
245 #0 - TITLE STATEMENT
Title Purchasing Principles And Management
260 ## - PUBLICATION, DISTRIBUTION, ETC. (IMPRINT)
Place of publication USA
Name of publisher Macmillan
Year of publication 1994
300 ## - PHYSICAL DESCRIPTION
Number of Pages 339
942 ## - ADDED ENTRY ELEMENTS (KOHA)
Koha item type Books
Holdings
Withdrawn status Lost status Collection code Permanent Location Current Location Shelving location Date acquired Full call number Accession Number Koha item type
    Management MAJU MAJU   2019-09-07 658.72 846 Management

Powered by Koha